| 000 | 00696cam a22002177a 4500 | ||
|---|---|---|---|
| 001 | 000009201 | ||
| 005 | 20200929161521.0 | ||
| 008 | 910923s1989 cu 000 0 spa | ||
| 010 | _a 91818546 | ||
| 040 |
_aDO-SdBNP _cDLC _dBNPHU |
||
| 082 |
_a928.91 _bN964y |
||
| 100 | 1 |
_aNúñez Rodríguez, Enrique, _d1923- _923882 |
|
| 245 | 1 | 0 |
_aYo vendí mi bicicleta / _cEnrique Núñez Rodríguez. |
| 260 |
_aCiudad de La Habana : _bUnión de Escritores y Artistas de Cuba, _cc1989. |
||
| 300 |
_a319 p. ; _c20 cm. |
||
| 490 | 1 | _aContemporáneos | |
| 600 | 1 | 0 |
_aNUÑEZ RODRIGUEZ, ENRIQUE, _d1923- _923883 |
| 830 | 0 |
_aContemporáneos _96941 |
|
| 910 | _aCatalogación por copia / LC | ||
| 049 | _aBNGR | ||
| 999 |
_c8964 _d8964 |
||